Food quality and safety in the context of increasing their competitiveness

Kvalita a bezpečnosť potravín na Slovensku v kontexte ich vzrastajúcej konkurencieschopnosti. Ochrana spotrebiteľa, ochrana proti stratám obchodu. Manažérsky systém bezpečnosti potravín.

Gespeichert in:
Bibliographische Detailangaben
1. Verfasser: Lacková, Alica
Weitere Verfasser: Karkalíková, Marta, Žák, Štefan, 1971-
Format: Buchkapitel
Sprache:Englisch
Schlagworte:
Tags: Tag hinzufügen
Keine Tags, Fügen Sie das erste Tag hinzu!

MARC

LEADER 00000nla a2200000 4500
001 0222350
005 20240502083551.6
041 0 |a eng 
044 |a BG 
245 1 0 |a Food quality and safety in the context of increasing their competitiveness  |c Alica Lacková, Marta Karkalíková, Štefan Žák 
520 |a Kvalita a bezpečnosť potravín na Slovensku v kontexte ich vzrastajúcej konkurencieschopnosti. Ochrana spotrebiteľa, ochrana proti stratám obchodu. Manažérsky systém bezpečnosti potravín. 
610 2 0 |a kvalita potravín 
610 2 0 |a bezpečnosť potravinová 
610 2 0 |a konkurencieschopnosť 
610 2 0 |a systém riadenia kvality 
610 2 0 |a Slovensko 
100 1 |a Lacková, Alica 
700 1 |a Karkalíková, Marta 
700 1 |a Žák, Štefan, 1971-